000
00267nam a22001217a 4500
082
_a
301
100
_a
Haralambos
245
_a
Sociology themes and perspectives
250
_a
5th ed
260
_a
Lahore
_b
National Book Foundation
300
_a
1116p
942
_c
BK
999
_c
3126
_d
3126